Loading...
Current Events | 5 | 24.00 | 100% | 100% | 40% |
Fine Arts - Classical Music | 4 | 10.00 | 100% | 0% | 0% |
Fine Arts - Other Fine Arts | 5 | 18.00 | 100% | 60% | 20% |
Fine Arts - Painting and Sculpture | 4 | 15.00 | 100% | 50% | 0% |
Geography | 3 | 16.67 | 100% | 33% | 33% |
History - American History | 3 | 13.33 | 100% | 33% | 0% |
History - European History | 2 | 15.00 | 100% | 50% | 0% |
History - Other History | 3 | 16.67 | 100% | 67% | 0% |
History - World History | 7 | 12.86 | 86% | 43% | 0% |
Literature - Drama | 4 | 12.50 | 100% | 25% | 0% |
Literature - Long Fiction | 5 | 18.00 | 100% | 80% | 0% |
Literature - Misc Literature | 2 | 20.00 | 100% | 100% | 0% |
Literature - Poetry | 3 | 16.67 | 100% | 67% | 0% |
Literature - Short Fiction | 2 | 15.00 | 100% | 50% | 0% |
Mythology | 3 | 13.33 | 100% | 33% | 0% |
Other Academic | 3 | 13.33 | 100% | 33% | 0% |
Philosophy | 2 | 15.00 | 100% | 50% | 0% |
Religion | 3 | 13.33 | 67% | 67% | 0% |
Science - Biology | 4 | 22.50 | 100% | 100% | 25% |
Science - Chemistry | 2 | 10.00 | 100% | 0% | 0% |
Science - Other Science | 2 | 20.00 | 100% | 100% | 0% |
Science - Physics | 3 | 10.00 | 100% | 0% | 0% |
Social Science | 7 | 8.57 | 43% | 43% | 0% |